The Prisoners of Algiers / (Record no. 187523)
[ view plain ]
| 000 -LEADER | |
|---|---|
| fixed length control field | 00744 a2200169 4500 |
| 003 - CONTROL NUMBER IDENTIFIER | |
| control field | Nust |
| 005 - DATE AND TIME OF LATEST TRANSACTION | |
| control field | 20230213115336.0 |
| 040 ## - CATALOGING SOURCE | |
| Transcribing agency | Nust |
| 082 ## - DEWEY DECIMAL CLASSIFICATION NUMBER | |
| Classification number | 973.53,BAR |
| 100 ## - MAIN ENTRY--PERSONAL NAME | |
| Personal name | Barnby.H.G |
| 9 (RLIN) | 108975 |
| 245 ## - TITLE STATEMENT | |
| Title | The Prisoners of Algiers / |
| Statement of responsibility, etc. | H G Barnby |
| 260 ## - PUBLICATION, DISTRIBUTION, ETC. | |
| Place of publication, distribution, etc. | London |
| Name of publisher, distributor, etc. | N Y |
| Date of publication, distribution, etc. | Oxford |
| 300 ## - PHYSICAL DESCRIPTION | |
| Extent | 342:p |
| 505 ## - FORMATTED CONTENTS NOTE | |
| Formatted contents note | The Capture (Page-1), Algerian Origins (Page-11), Slaves (Page-26), Palaces and Prisons (Page-39), Janizaries (Page-58), Deaths and Failures (Page-66), Second Assault (Page-104), Diplomatic Overtures (Page-123), Apparent Success (Page-155), A new Face (Page-188), Financial Difficulties (Page-207), A Change of Envoys (Page-230), Release (Page-264), Conclusion (Page-302). |
| 650 ## - SUBJECT ADDED ENTRY--TOPICAL TERM | |
| Topical term or geographic name entry element | US War |
| 9 (RLIN) | 108976 |
| 942 ## - ADDED ENTRY ELEMENTS (KOHA) | |
| Source of classification or shelving scheme | |
| Koha item type | Book |
| Withdrawn status | Lost status | Source of classification or shelving scheme | Damaged status | Not for loan | Permanent Location | Current Location | Shelving location | Date acquired | Full call number | Barcode | Date last seen | Price effective from | Koha item type | Public note |
|---|---|---|---|---|---|---|---|---|---|---|---|---|---|---|
| Military College of Signals (MCS) | Military College of Signals (MCS) | General Stacks | 12/12/2016 | 973.53,BAR | MCS29718 | 12/08/2016 | 12/12/2016 | Book | Almirah No.62, Shelf No.6 |
